000 00667nam a22002177a 4500
999 _c18010
_d18010
003 AR-CdUCM
008 190511b ||||| |||| 00| 0 spa d
040 _aMUNICIPALIDAD PROVINCIAL DEL CUSCO
_cBIBLIOTECA MUNICIPAL DEL CUSCO
041 _hfr
082 _a802.82 /
_bA94
100 _aAymé, Marcel
_938330
245 _aTeatro /
260 _aBuenos Aires :
_bLosada,
_c1956.
300 _a301 páginas ;
_c18 cm.
505 _aContenido: La cabeza ajena -- Clérambard -- Luciana y el carnicero.
650 _aTeatro Argentino
_915936
650 _aHistoria argentina
_97712
650 _a3 actos
_938331
942 _2ddc
_cLIBROS
945 _adavv
_d2019-05-11